| Tag |
First Indicator |
Second Indicator |
Subfields |
| LEADER |
00000cas a2200000 a 4500 |
| 001 |
in00000088487 |
| 005 |
20190828084124.0 |
| 008 |
810922c19819999ch mr s f0 0eng |
| 010 |
|
|
|a 81643928
|z sn 93030480
|
| 019 |
|
|
|a 08009018
|a 09168718
|
| 022 |
|
|
|a 0496-7046
|9 0496-7056
|
| 035 |
|
|
|a (OCoLC)07781899
|
| 035 |
|
|
|9 AAK5326AM
|
| 037 |
|
|
|b Economic Research Dept., Central Bank of China, 2 Roosevelt Rd., Sec. 1, Taipei, Taiwan 100
|
| 040 |
|
|
|a DLC
|c DLC
|d OCL
|d NST
|d DLC
|d NST
|d OCL
|d IUL
|d TXA
|d UtOrBLW
|
| 042 |
|
|
|a lc
|
| 043 |
|
|
|a a-ch---
|
| 049 |
|
|
|a TXAM
|
| 050 |
0 |
0 |
|a HG187.T28
|b F56
|
| 082 |
0 |
0 |
|a 332/.0951/249
|
| 245 |
0 |
0 |
|a Financial statistics, Taiwan District, the Republic of China.
|
| 264 |
|
1 |
|a [Taipei, Taiwan] :
|b The Central Bank of China,
|c 1981-
|
| 300 |
|
|
|a volumes ;
|c 28 cm.
|
| 310 |
|
|
|a Monthly
|
| 336 |
|
|
|a text
|b txt
|2 rdacontent
|
| 337 |
|
|
|a unmediated
|b n
|2 rdamedia
|
| 338 |
|
|
|a volume
|b nc
|2 rdacarrier
|
| 362 |
0 |
|
|a Jan. 1981-
|
| 500 |
|
|
|a Title from cover.
|
| 650 |
|
0 |
|a Finance
|z Taiwan
|x Statistics
|x Periodicals.
|
| 710 |
2 |
|
|a Zhong yang yin hang.
|
| 780 |
0 |
0 |
|t Taiwan financial statistics monthly
|w (OCoLC)1554328
|
| 999 |
|
|
|a MARS
|
| 999 |
f |
f |
|s 684b3464-df40-35b2-b880-01a878e642fd
|i 1d3bc838-c263-35cd-9214-f802d2df2701
|t 0
|
| 952 |
f |
f |
|p ric
|a Texas A&M University
|b Rellis Campus
|c Joint Library Facility
|s JLF
|d Remote Storage
|t 0
|e HJ77.7 .A74
|h Library of Congress classification
|i unmediated -- volume
|k 1990:Aug.-Dec.
|m A14812962613
|
| 952 |
f |
f |
|p ric
|a Texas A&M University
|b Rellis Campus
|c Joint Library Facility
|s JLF
|d Remote Storage
|t 0
|e HJ77.7 .A74
|h Library of Congress classification
|i unmediated -- volume
|k 1993-1994
|m A14819400492
|
| 952 |
f |
f |
|p ric
|a Texas A&M University
|b Rellis Campus
|c Joint Library Facility
|s JLF
|d Remote Storage
|t 0
|e HJ77.7 .A74
|h Library of Congress classification
|i unmediated -- volume
|k 2006
|m A14836140534
|
| 952 |
f |
f |
|p ric
|a Texas A&M University
|b Rellis Campus
|c Joint Library Facility
|s JLF
|d Remote Storage
|t 0
|e HJ77.7 .A74
|h Library of Congress classification
|i unmediated -- volume
|k 1990:Jan.-July
|m A14812962566
|
| 952 |
f |
f |
|p ric
|a Texas A&M University
|b Rellis Campus
|c Joint Library Facility
|s JLF
|d Remote Storage
|t 0
|e HJ77.7 .A74
|h Library of Congress classification
|i unmediated -- volume
|k 1997
|m A14826426001
|
| 952 |
f |
f |
|p ric
|a Texas A&M University
|b Rellis Campus
|c Joint Library Facility
|s JLF
|d Remote Storage
|t 0
|e HJ77.7 .A74
|h Library of Congress classification
|i unmediated -- volume
|k 1989:Sept.-Dec.
|m A14812962516
|
| 952 |
f |
f |
|p ric
|a Texas A&M University
|b Rellis Campus
|c Joint Library Facility
|s JLF
|d Remote Storage
|t 0
|e HJ77.7 .A74
|h Library of Congress classification
|i unmediated -- volume
|k 2000:Jan.-Apr.,June-July,Oct.-Dec.
|m A14830365500
|
| 952 |
f |
f |
|p ric
|a Texas A&M University
|b Rellis Campus
|c Joint Library Facility
|s JLF
|d Remote Storage
|t 0
|e HJ77.7 .A74
|h Library of Congress classification
|i unmediated -- volume
|k 2001:Jan.,May,July-Dec.
|m A14833449507
|
| 952 |
f |
f |
|p ric
|a Texas A&M University
|b Rellis Campus
|c Joint Library Facility
|s JLF
|d Remote Storage
|t 0
|e HJ77.7 .A74
|h Library of Congress classification
|i unmediated -- volume
|k 2003:Jan.-Aug.,Oct.-Dec.
|m A14832174159
|
| 952 |
f |
f |
|p ric
|a Texas A&M University
|b Rellis Campus
|c Joint Library Facility
|s JLF
|d Remote Storage
|t 0
|e HJ77.7 .A74
|h Library of Congress classification
|i unmediated -- volume
|k 1985-1986
|m A14811935590
|
| 952 |
f |
f |
|p ric
|a Texas A&M University
|b Rellis Campus
|c Joint Library Facility
|s JLF
|d Remote Storage
|t 0
|e HJ77.7 .A74
|h Library of Congress classification
|i unmediated -- volume
|l 1992
|m A14817241452
|
| 952 |
f |
f |
|p ric
|a Texas A&M University
|b Rellis Campus
|c Joint Library Facility
|s JLF
|d Remote Storage
|t 0
|e HJ77.7 .A74
|h Library of Congress classification
|i unmediated -- volume
|l 1991:Jan.,Mar.-Nov.
|m A14851482787
|
| 952 |
f |
f |
|p ric
|a Texas A&M University
|b Rellis Campus
|c Joint Library Facility
|s JLF
|d Remote Storage
|t 0
|e HJ77.7 .A74
|h Library of Congress classification
|i unmediated -- volume
|k 2007
|m A14837296087
|
| 952 |
f |
f |
|p ric
|a Texas A&M University
|b Rellis Campus
|c Joint Library Facility
|s JLF
|d Remote Storage
|t 0
|e HJ77.7 .A74
|h Library of Congress classification
|i unmediated -- volume
|k 1998-1999
|m A14827281412
|
| 952 |
f |
f |
|p ric
|a Texas A&M University
|b Rellis Campus
|c Joint Library Facility
|s JLF
|d Remote Storage
|t 0
|e HJ77.7 .A74
|h Library of Congress classification
|i unmediated -- volume
|k 1989:Jan.-Aug.
|m A14814654460
|
| 952 |
f |
f |
|p ric
|a Texas A&M University
|b Rellis Campus
|c Joint Library Facility
|s JLF
|d Remote Storage
|t 0
|e HJ77.7 .A74
|h Library of Congress classification
|i unmediated -- volume
|l 1987
|m A14851482779
|
| 952 |
f |
f |
|p ric
|a Texas A&M University
|b Rellis Campus
|c Joint Library Facility
|s JLF
|d Remote Storage
|t 0
|e HJ77.7 .A74
|h Library of Congress classification
|i unmediated -- volume
|k 2002:Feb.-Dec.
|m A14832174549
|
| 952 |
f |
f |
|p ric
|a Texas A&M University
|b Rellis Campus
|c Joint Library Facility
|s JLF
|d Remote Storage
|t 0
|e HJ77.7 .A74
|h Library of Congress classification
|i unmediated -- volume
|k 1981-1982
|m A14852592980
|
| 952 |
f |
f |
|p ric
|a Texas A&M University
|b Rellis Campus
|c Joint Library Facility
|s JLF
|d Remote Storage
|t 0
|e HJ77.7 .A74
|h Library of Congress classification
|i unmediated -- volume
|k 2005
|m A14834636945
|
| 952 |
f |
f |
|p ric
|a Texas A&M University
|b Rellis Campus
|c Joint Library Facility
|s JLF
|d Remote Storage
|t 0
|e HJ77.7 .A74
|h Library of Congress classification
|i unmediated -- volume
|l 1988:Jan.,Mar.-Dec.
|m A14812475755
|
| 952 |
f |
f |
|p ric
|a Texas A&M University
|b Rellis Campus
|c Joint Library Facility
|s JLF
|d Remote Storage
|t 0
|e HJ77.7 .A74
|h Library of Congress classification
|i unmediated -- volume
|l 1984
|m A14851482761
|
| 952 |
f |
f |
|p ric
|a Texas A&M University
|b Rellis Campus
|c Joint Library Facility
|s JLF
|d Remote Storage
|t 0
|e HJ77.7 .A74
|h Library of Congress classification
|i unmediated -- volume
|k 1995-1996
|m A14821522234
|
| 952 |
f |
f |
|p ric
|a Texas A&M University
|b Rellis Campus
|c Joint Library Facility
|s JLF
|d Remote Storage
|t 0
|e HJ77.7 .A74
|h Library of Congress classification
|i unmediated -- volume
|l 1983:Jan.-Nov.
|m A14851482753
|
| 952 |
f |
f |
|p ric
|a Texas A&M University
|b Rellis Campus
|c Joint Library Facility
|s JLF
|d Remote Storage
|t 0
|e HJ77.7 .A74
|h Library of Congress classification
|i unmediated -- volume
|k 2004
|m A14832853070
|
| 998 |
f |
f |
|a HJ77.7 .A74
|s 2004-2007
|t 0
|l Remote Storage
|